| 000 | 01085nam a22002297a 4500 | ||
|---|---|---|---|
| 999 |
_c58087 _d58087 |
||
| 005 | 20210617141901.0 | ||
| 008 | 210610s2017 gw ||||| |||| 00| 0 ger d | ||
| 020 | _a9783170323612 | ||
| 041 | _ager | ||
| 080 | _a376.352 L-24 | ||
| 100 |
_aLang, Markus _912080 |
||
| 245 |
_aDidaktik Des Unterrichts Mit Blinden Und Hochgradig Sehbehinderten Schulerinnen Und Schulern: _bBand 1: Grundlagen / _cMarkus Lang, Ursula Hofer, Friederike Beyer. |
||
| 264 |
_aStutgard: _bVerlag W. Kohlhammer, _c2017. |
||
| 300 |
_a275 p. _b23 cm. |
||
| 653 | _aДидактика обучения слепых и слабовидящих студентов | ||
| 653 | _aბრმა და მძიმე მხედველობა დაქვეითებულ მოსწავლეებთან სწავლების დიდაქტიკა | ||
| 653 | _aპედაგოგიკა | ||
| 653 | _aპედაგოგიკა | ||
| 700 |
_aHofer, Ursula _eავტორი _912012 |
||
| 700 |
_aBeyer, Friederike _eავტორი _912013 |
||
| 942 |
_2udc _cBK |
||